| 000 | 00393nam a22001337a 4500 | ||
|---|---|---|---|
| 082 |
_a923.754 _bSYE _cL-27, P-14 |
||
| 100 |
_aSaiyid Samad Hussain Rizvi _946208 |
||
| 245 | _aSyed Shaukat Hussain Zaidi "In Memoriam" | ||
| 260 |
_aKarachi _bOfficit Press Meclod Road Karachi |
||
| 300 | _a158 P, 32 P, : | ||
| 526 |
_a0 _b0 _c0 _d923_754000000000000_SYE |
||
| 650 |
_aMCE _9379 |
||
| 942 |
_2ddc _cBK |
||
| 999 |
_c549557 _d549557 |
||